Комиссия т. Куйбышева по внеплановому строительству 1932 г. [т. II-й]

Доступно только в Электронных читальных залах Найти на картеНа карте
RUSMARC
00004461nmc2a22003253x 450
0016635d777-fe4e-4fd8-9c30-988f4bdea3c2
00520241209124046.0
100##$a20241113l19331933k y0rusy50 ca
1010#$arus
102##$aRU
105##$aa z |||||
1222#$ad19330726
$ad19331231
1220#$ad1932
2001#$aКомиссия т. Куйбышева по внеплановому строительству 1932 г. [т. II-й]
$j26.07.1933 - 1933
215##$a143 листа
$cтабл.
$d39,5 х 28,3
251##$cДело
300##$aЗаголовок дела на папке отсутствует
300##$aНа папке дела: 1933 г.
300##$aВ деле имеются телеграммы
300##$aЧасть текста машинописная и рукописная, часть - напечатана типографским способом
461#0$1001RuPRLIB520124725
$12001
$aЦЕНТРАЛЬНЫЙ ИСПОЛНИТЕЛЬНЫЙ КОМИТЕТ СССР (ЦИК СССР).
$1251
$cФонд
$1852
$gР
$j3316
462#0$1001RuPRLIB520125304
$12001
$aДела Секретариата Президиума ЦИК Союза ССР. 1933 год
$vД. 555
$1251
$cОпись
$1852
$j26
600#1$aКуйбышев
605##$3DITM\AF\0000002775
$aВласть
$lколлекция
$2acquisition_prlib
6101#$aКомиссия
$aВнеплановое строительство
$a1932 г.
686##$a63.3(2)61-332ю1
$cИстория
$2rubbk
686##$a67.400.6ю1
$cПраво
$2rubbk
801#0$aRU
$bGA_RF
801#1$aRU
$bГлавНИВЦ
$c20241113
$2rusmarc
801#2$aRU
$bПБ им. Б.Н. Ельцина
$c20241209
$gRCR
$2rusmarc
852##$aГА РФ
$j555
937##$d195183333
$hГАРФ
035##$aRuPRLIB51077595
856##$uhttp://readingroom.main.prlib.ru/item.aspx?id_node=n195183333&mode=full
Формат отображения